00651cam a22001577a 4500008004000000082001700040100002400057245009800081260007100179300001000250440006000260500003500320650002500355650002700380700008600407180718b1981 xxu||||| |||| 00| 0 eng d aL242x94 Au78 aPedrick, Willard H. aOh, to die down under! abolition of death and gift duties in Australiacby Willard H. Pedrick aCanberrabCentre for Research on Federal Financial Relationsc1981 a141p. aCentre for Research on Federal Financial Rational no.44 aAustralian National University aGift Tax - Australia aEstate Tax - Australia aAustralian National University,Centre for Research on Federal Financial Relations